[Event "ECU-chT U20 Girls"]
[Site "Carpuela"]
[Date "2014.05.05"]
[Round "6.2"]
[White "Figueroa Villarreal, Dayra Li"]
[Black "Barrionuevo Marin, Mara Lisset"]
[Result "1/2-1/2"]
[WhiteElo "1533"]
[BlackElo "1416"]
[PlyCount "50"]
[EventDate "2014.05.03"]
[EventType "team-swiss"]
[EventRounds "7"]
[EventCountry "ECU"]
[SourceTitle "CBM 160 Extra"]
[Source "ChessBase"]
[SourceDate "2014.07.01"]
[SourceVersion "1"]
[SourceVersionDate "2014.07.01"]
[SourceQuality "1"]
[WhiteTeam "Carchi (W)"]
[BlackTeam "Cotopaxi (W)"]
[WhiteTeamCountry "ECU"]
[BlackTeamCountry "ECU"]

1. e4 e5 2. Nf3 Nc6 3. d4 exd4 4. Nxd4 Qf6 5. Nf3 Bc5 6. Bd3 d6 7. h3 h6 8. Nc3 Nge7 9. Qe2 Nd4 10. Nxd4 Bxd4 11. Bd2 Be6 12. a3 Ng6 13. g3 Ne5 14. f4 Nc6 15. f5 Bd7 16. 0-0-0 Be5 17. g4 Nd4 18. Qf1 c6 19. Kb1 0-0-0 20. Bf4 Qe7 21. Bxe5 Qxe5 22. Rc1 f6 23. Qf2 Kb8 24. Ne2 Nxe2 25. Qxe2 Rc8 1/2-1/2

[Event "ECU-chT U20 Girls"]
[Site "Carpuela"]
[Date "2014.05.04"]
[Round "4.2"]
[White "Barrionuevo Marin, Mara Lisset"]
[Black "Valdiviezo Erazo, Luz Maria"]
[Result "0-1"]
[WhiteElo "1416"]
[BlackElo "1631"]
[PlyCount "64"]
[EventDate "2014.05.03"]
[EventType "team-swiss"]
[EventRounds "7"]
[EventCountry "ECU"]
[SourceTitle "CBM 160 Extra"]
[Source "ChessBase"]
[SourceDate "2014.07.01"]
[SourceVersion "1"]
[SourceVersionDate "2014.07.01"]
[SourceQuality "1"]
[WhiteTeam "Cotopaxi (W)"]
[BlackTeam "Loja (W)"]
[WhiteTeamCountry "ECU"]
[BlackTeamCountry "ECU"]

1. d4 Nf6 2. f4 d6 3. Nf3 Nbd7 4. e3 c6 5. Bd3 g6 6. c3 c5 7. Nbd2 Bg7 8. e4 0-0 9. 0-0 Ng4 10. Qe2 e5 11. fxe5 dxe5 12. d5 Nb6 13. h3 Nh6 14. Nc4 Nxc4 15. Bxc4 Qd6 16. Be3 f5 17. exf5 Nxf5 18. Bf2 Bd7 19. Bb3 h6 20. g4 Ne7 21. c4 h5 22. Ng5 hxg4 23. Ne4 Qb8 24. Bxc5 Rxf1+ 25. Rxf1 Nf5 26. Qxg4 Qe8 27. Qg5 b6 28. Bf2 Nd4 29. Nd6 Nf3+ 30. Kg2 Nxg5 31. Nxe8 Rxe8 32. h4 Bh3+ 0-1

[Event "ECU-chT U20 Girls"]
[Site "Carpuela"]
[Date "2014.05.03"]
[Round "2.2"]
[White "Chavez Frias, Dayana Anais"]
[Black "Barrionuevo Marin, Mara Lisset"]
[Result "1/2-1/2"]
[WhiteElo "1568"]
[BlackElo "1416"]
[PlyCount "63"]
[EventDate "2014.05.03"]
[EventType "team-swiss"]
[EventRounds "7"]
[EventCountry "ECU"]
[SourceTitle "CBM 160 Extra"]
[Source "ChessBase"]
[SourceDate "2014.07.01"]
[SourceVersion "1"]
[SourceVersionDate "2014.07.01"]
[SourceQuality "1"]
[WhiteTeam "Tungurahua (W)"]
[BlackTeam "Cotopaxi (W)"]
[WhiteTeamCountry "ECU"]
[BlackTeamCountry "ECU"]

1. e4 e5 2. Nf3 Nc6 3. Bc4 Bc5 4. 0-0 Nf6 5. Nc3 d6 6. h3 Be6 7. Bb3 Qd7 8. Kh2 h6 9. d3 0-0-0 10. Ne2 g5 11. Bxe6 Qxe6 12. Neg1 g4 13. Nh4 gxh3 14. Nxh3 Rdg8 15. Nf5 Ng4+ 16. Kh1 Ne7 17. Qf3 Nxf5 18. Qxf5 Qxf5 19. exf5 Nf6 20. Be3 Nd7 21. c3 Bxe3 22. fxe3 Nf6 23. e4 d5 24. exd5 Nxd5 25. Rae1 f6 26. d4 exd4 27. cxd4 Rg4 28. Rd1 Rhg8 29. Rg1 Nf4 30. Nxf4 Rxf4 31. d5 Rxf5 32. Kh2 1/2-1/2